|
|
|
|
| LEADER |
00637nam a22001577a 4500 |
| 008 |
160924b xxu||||| |||| 00| 0 eng d |
| 020 |
|
|
|a 0370014510
|
| 082 |
|
|
|a 891.74 SOL/S
|
| 100 |
|
|
|a Solzhenitsyn, Alexander
|
| 245 |
|
|
|a Stories and prose poems
|
| 260 |
|
|
|a London :
|b The bodley head ,
|c c1970.
|
| 300 |
|
|
|b 242p.
|
| 942 |
|
|
|c BK
|
| 999 |
|
|
|c 194153
|d 194153
|
| 952 |
|
|
|0 0
|1 0
|4 0
|6 891_740000000000000_SOL_S
|7 0
|9 214421
|a ENG
|b ENG
|c ST1
|d 2016-09-24
|i 1972
|l 0
|o 891.74 SOL/S
|p ENG1972
|r 2016-09-24
|w 2016-09-24
|y BK
|
| 952 |
|
|
|0 0
|1 0
|4 0
|6 891_740000000000000_SOL_S
|7 0
|9 214422
|a ENG
|b ENG
|c ST1
|d 2016-09-24
|i 6023
|l 0
|o 891.74 SOL/S
|p ENG6023
|r 2016-09-24
|w 2016-09-24
|y BK
|